[Event "Madrdid ch 2015 - Semifinal B"]
[Site "Madrid ESP"]
[Date "2015.03.06"]
[Round "2.12"]
[White "Largo Barbero, Benito"]
[Black "Enfedaque Jimenez, Juan Carlos"]
[Result "1-0"]
[WhiteElo "1961"]
[BlackElo "1758"]
[PlyCount "77"]
[EventDate "2015.03.05"]
[EventType "swiss"]
[EventRounds "9"]
[EventCountry "ESP"]
[Source "lmi"]
[SourceDate "2015.03.05"]

1. Nc3 d5 2. e4 d4 3. Nce2 e5 4. Ng3 Be6 5. a3 Bd6 6. Nf3 f6 7. d3 Ne7 8. Be2
Qd7 9. h3 Nbc6 10. Nh2 O-O-O 11. Bg4 f5 12. exf5 Nxf5 13. Ne4 h6 14. Qe2 Rdf8
15. Bd2 Kb8 16. b4 g6 17. b5 Nce7 18. Bb4 Bxb4+ 19. axb4 Qxb5 20. O-O h5 21.
Bf3 Nh4 22. Nc5 Nxf3+ 23. Nxf3 Bd5 24. Nxe5 Rd8 25. Ra5 Qe8 26. Rfa1 b6 27.
Na6+ Kb7 28. R5a3 Nc6 29. c4 Bxc4 30. dxc4 Qxe5 31. Qd3 g5 32. b5 Na5 33. Qf3+
Kc8 34. Nb4 g4 35. hxg4 hxg4 36. Qxg4+ Rd7 37. f4 Qe4 38. Nc6 Rhh7 39. Qg8+ 1-0

[Event "Madrdid ch 2015 - Semifinal B"]
[Site "Madrid ESP"]
[Date "2015.03.06"]
[Round "2.13"]
[White "Marcos Herrero, Francisco"]
[Black "Fernandez Rodriguez, Fernando"]
[Result "0-1"]
[WhiteElo "1921"]
[BlackElo "1746"]
[PlyCount "78"]
[EventDate "2015.03.05"]
[EventType "swiss"]
[EventRounds "9"]
[EventCountry "ESP"]
[Source "lmi"]
[SourceDate "2015.03.05"]

1. d4 Nf6 2. Nf3 g6 3. g3 Bg7 4. Bg2 O-O 5. O-O d6 6. b3 Nc6 7. Bb2 a6 8. d5
Na5 9. c4 c5 10. Nbd2 Rb8 11. Qc2 e6 12. e4 exd5 13. cxd5 Re8 14. Rfe1 b5 15.
Rad1 Qb6 16. Nf1 Ng4 17. Bxg7 Kxg7 18. Ne3 Ne5 19. Nxe5 dxe5 20. Rc1 Nb7 21.
Red1 Qd6 22. Bf1 Bd7 23. Qb2 Qb6 24. Kg2 Nd6 25. Bd3 Kg8 26. Qe2 f5 27. f3 Rbc8
28. h4 Qd8 29. Rh1 Rf8 30. Qb2 Qf6 31. Rhf1 h5 32. f4 fxe4 33. fxe5 Qg7 34. Be2
Nf7 35. Qa3 Nxe5 36. Rxc5 Rxc5 37. Qxc5 Rxf1 38. Bxf1 Nf3 39. Qc2 Ne1+ 0-1

[Event "Madrdid ch 2015 - Semifinal B"]
[Site "Madrid ESP"]
[Date "2015.03.06"]
[Round "2.14"]
[White "Estevez Sacristan, Deva"]
[Black "Herranz Sanchez, Pablo"]
[Result "0-1"]
[WhiteElo "1648"]
[BlackElo "1899"]
[PlyCount "76"]
[EventDate "2015.03.05"]
[EventType "swiss"]
[EventRounds "9"]
[EventCountry "ESP"]
[Source "lmi"]
[SourceDate "2015.03.05"]

1. e4 c5 2. Nf3 e6 3. d4 cxd4 4. Nxd4 Nf6 5. Nc3 Nc6 6. Ndb5 d6 7. Bf4 e5 8.
Bg5 Be7 9. Be2 a6 10. Na3 b5 11. Bxf6 gxf6 12. Nd5 Rg8 13. g3 Be6 14. c3 Rc8
15. Nc2 Qa5 16. Nce3 b4 17. Bg4 bxc3 18. bxc3 Rxg4 19. Nxg4 Bxd5 20. exd5 Qxc3+
21. Kf1 Qc4+ 22. Kg2 Nd4 23. Ne3 Qb5 24. Qg4 f5 25. Qg8+ Bf8 26. Qxh7 Qe2 27.
Rhc1 Qf3+ 28. Kh3 Rd8 29. Rc7 Rd7 30. Rc8+ Rd8 31. Rac1 Ne2 32. Qh8 Nf4+ 33.
Kh4 Ng6+ 34. Kg5 Nxh8 35. Nxf5 f6+ 36. Kxf6 Be7+ 37. Ke6 Qg4 38. R1c7 Qg8# 0-1

[Event "Madrdid ch 2015 - Semifinal B"]
[Site "Madrid ESP"]
[Date "2015.03.07"]
[Round "3.1"]
[White "Rodrigo Yanguas, Maria"]
[Black "Martin Rodriguez, Emilio"]
[Result "1/2-1/2"]
[WhiteElo "2184"]
[BlackElo "2091"]
[PlyCount "97"]
[EventDate "2015.03.05"]
[EventType "swiss"]
[EventRounds "9"]
[EventCountry "ESP"]
[Source "lmi"]
[SourceDate "2015.03.05"]

1. e4 c6 2. d4 d5 3. exd5 cxd5 4. Nf3 Nf6 5. Ne5 e6 6. Nd2 Be7 7. Bd3 Nc6 8.
Ndf3 Ne4 9. O-O Bd7 10. Re1 f5 11. Nxc6 bxc6 12. Ne5 Bf6 13. f3 Bxe5 14. dxe5
Nc5 15. Bf1 O-O 16. Be3 Nb7 17. Ba6 Bc8 18. b4 Qc7 19. Bxb7 Bxb7 20. Bc5 Rf7
21. Qd4 Ba6 22. a4 Bc4 23. Reb1 Rc8 24. f4 a6 25. Ra3 g6 26. Rc3 Qd8 27. Rd1
Qh4 28. Rh3 Qg4 29. Re1 Rg7 30. Qf2 g5 31. fxg5 Qxh3 32. gxh3 Rxg5+ 33. Kh1 d4
34. Qg3 Rxg3 35. hxg3 d3 36. cxd3 Bxd3 37. Rd1 Be4+ 38. Kg1 Bd5 39. Kf2 Kf7 40.
Ke3 Kg6 41. Bd6 Rg8 42. Rc1 h5 43. Rc5 h4 44. gxh4 Kh5 45. Kf4 Kxh4 46. Rc3 Rg2
47. Be7+ Kh5 48. Rg3 Rxg3 49. Kxg3 1/2-1/2

[Event "Madrdid ch 2015 - Semifinal B"]
[Site "Madrid ESP"]
[Date "2015.03.07"]
[Round "3.2"]
[White "Veganzones Rojo, David"]
[Black "Gonzalez Mateos, Rafael"]
[Result "1/2-1/2"]
[WhiteElo "2070"]
[BlackElo "1999"]
[PlyCount "56"]
[EventDate "2015.03.05"]
[EventType "swiss"]
[EventRounds "9"]
[EventCountry "ESP"]
[Source "lmi"]
[SourceDate "2015.03.05"]

1. d4 Nf6 2. c4 e6 3. g3 d5 4. Nf3 Bb4+ 5. Bd2 Bxd2+ 6. Nbxd2 O-O 7. Bg2 c6 8.
O-O b6 9. Qc2 Nbd7 10. e4 dxe4 11. Nxe4 Nxe4 12. Qxe4 Bb7 13. Ne5 Nf6 14. Qe3
Qc7 15. b4 Rfd8 16. Rfd1 a5 17. a3 Ra7 18. c5 Nd5 19. Qd2 b5 20. Qb2 Ne7 21.
Be4 g6 22. h4 Nd5 23. h5 Nf6 24. Bf3 Nxh5 25. Bxh5 gxh5 26. Kg2 f6 27. Nf3 Rd5
28. Re1 Bc8 1/2-1/2

[Event "Madrdid ch 2015 - Semifinal B"]
[Site "Madrid ESP"]
[Date "2015.03.07"]
[Round "3.3"]
[White "Vazquez Gonzalez, Jesus"]
[Black "Saribekyan, Garnik"]
[Result "1/2-1/2"]
[WhiteElo "2014"]
[BlackElo "1678"]
[PlyCount "194"]
[EventDate "2015.03.05"]
[EventType "swiss"]
[EventRounds "9"]
[EventCountry "ESP"]
[Source "lmi"]
[SourceDate "2015.03.05"]

1. e4 c5 2. Nf3 d6 3. d4 cxd4 4. Nxd4 Nf6 5. Nc3 a6 6. Bc4 e6 7. Bb3 Be7 8. O-O
O-O 9. Qd3 Nc6 10. Bg5 Na5 11. Rad1 Nxb3 12. Nxb3 b5 13. Bxf6 gxf6 14. f4 Qb6+
15. Kh1 Bb7 16. Rf3 Kh8 17. Rh3 Rg8 18. Rg1 Rg7 19. Ne2 Rag8 20. Nbd4 f5 21.
Ng3 Rxg3 22. hxg3 Bxe4 23. Qd1 e5 24. fxe5 dxe5 25. Qh5 Qg6 26. Qxg6 fxg6 27.
Nf3 Rd8 28. Nxe5 Kg7 29. Nd3 Rc8 30. g4 Rxc2 31. gxf5 Bxf5 32. Re3 Bg5 33. Rg3
Bh4 34. Rf3 h5 35. a3 Rd2 36. Nc5 Rxb2 37. Nxa6 Bf6 38. Re1 h4 39. Nc7 h3 40.
Ne8+ Kf7 41. Nd6+ Kg7 42. Nxf5+ gxf5 43. gxh3 b4 44. axb4 Rxb4 45. Rxf5 Kg6 46.
Rf3 Bh4 47. Re2 Rc4 48. Kg2 Rb4 49. Ra2 Kg5 50. Ra5+ Kg6 51. Rc3 Rb6 52. Rc4
Bd8 53. Rd5 Bf6 54. Kf3 Kf7 55. Kg4 Ke6 56. Rdc5 Rb1 57. Rc6+ Kf7 58. Rf4 Rg1+
59. Kf5 Rg5+ 60. Ke4 Rg6 61. h4 Ke7 62. h5 Rh6 63. Rf5 Kf7 64. Kd5 Ke7 65. Rc7+
Ke8 66. Rb7 Ba1 67. Ra7 Bb2 68. Re5+ Kf8 69. Rf5+ Ke8 70. Raf7 Rxh5 71. Rf8+
Ke7 72. Rxh5 Kxf8 73. Ke6 Bc3 74. Rc5 Bd4 75. Rc4 Ba1 76. Rf4+ Kg7 77. Rg4+ Kf8
78. Rc4 Kg7 79. Rc7+ Kf8 80. Re7 Bb2 81. Rf7+ Kg8 82. Rb7 Ba1 83. Kf5 Kf8 84.
Ke6 Kg8 85. Rf7 Bb2 86. Rf1 Bd4 87. Rf3 Ba1 88. Ke7 Be5 89. Rf5 Ba1 90. Rg5+
Kh7 91. Rg1 Bb2 92. Kf7 Kh6 93. Rb1 Bd4 94. Rb5 Ba1 95. Rb6+ Kg5 96. Rb5+ Kf4
97. Ke6 Bh8 1/2-1/2

[Event "Madrdid ch 2015 - Semifinal B"]
[Site "Madrid ESP"]
[Date "2015.03.07"]
[Round "3.4"]
[White "Fernandez Rodriguez, Fernando"]
[Black "Hinojar Diez, David"]
[Result "0-1"]
[WhiteElo "1746"]
[BlackElo "2164"]
[PlyCount "62"]
[EventDate "2015.03.05"]
[EventType "swiss"]
[EventRounds "9"]
[EventCountry "ESP"]
[Source "lmi"]
[SourceDate "2015.03.05"]

1. d4 Nf6 2. c4 e6 3. Nc3 Bb4 4. e3 b6 5. Bd3 Bb7 6. Nge2 O-O 7. O-O d5 8. cxd5
exd5 9. Nf4 Re8 10. a3 Bd6 11. Qf3 c6 12. Bd2 Qe7 13. Qh3 Ne4 14. Nxe4 dxe4 15.
Bc2 Bc8 16. Qh5 Nd7 17. Bb3 Nf6 18. Qh4 Bd7 19. Kh1 a5 20. Nh5 Nxh5 21. Qxh5 a4
22. Ba2 g6 23. Qe2 Qh4 24. g3 Qh3 25. Rfc1 Bg4 26. Qf1 Bf3+ 27. Kg1 Qd7 28. d5
c5 29. Bc4 Re5 30. Bc3 Rh5 31. Bf6 Qf5 0-1

[Event "Madrdid ch 2015 - Semifinal B"]
[Site "Madrid ESP"]
[Date "2015.03.07"]
[Round "3.5"]
[White "Perez De Aranda A., Leonardo I"]
[Black "Morona Minguez, Miguel"]
[Result "1-0"]
[WhiteElo "2094"]
[BlackElo "1818"]
[PlyCount "75"]
[EventDate "2015.03.05"]
[EventType "swiss"]
[EventRounds "9"]
[EventCountry "ESP"]
[Source "lmi"]
[SourceDate "2015.03.05"]

1. g3 d5 2. Bg2 c6 3. Nf3 Nf6 4. O-O h6 5. d3 Bf5 6. Nbd2 e6 7. c4 Be7 8. b3
O-O 9. Bb2 Nbd7 10. h3 a5 11. a3 Qb6 12. Re1 Bd6 13. e4 Bxg3 14. Bd4 c5 15.
Bxf6 Nxf6 16. fxg3 dxe4 17. dxe4 Bh7 18. Kh2 Rad8 19. Qc2 Rd7 20. Qc3 Rfd8 21.
Re3 Qc7 22. e5 Nh5 23. Nf1 Rd3 24. Rxd3 Rxd3 25. Qe1 Rxb3 26. Rd1 g5 27. Rd6
Rxa3 28. Qc1 Rd3 29. Nxg5 hxg5 30. Qxg5+ Ng7 31. Rxd3 Bxd3 32. Ne3 b6 33. h4
Kf8 34. Ng4 Bg6 35. Qh6 f5 36. exf6 Qf7 37. Qh8+ Qg8 38. fxg7+ 1-0

[Event "Madrdid ch 2015 - Semifinal B"]
[Site "Madrid ESP"]
[Date "2015.03.07"]
[Round "3.6"]
[White "Garcia Serrano, Jose M"]
[Black "Vukotic Jovsic, Dragan"]
[Result "1-0"]
[WhiteElo "1773"]
[BlackElo "1986"]
[PlyCount "53"]
[EventDate "2015.03.05"]
[EventType "swiss"]
[EventRounds "9"]
[EventCountry "ESP"]
[Source "lmi"]
[SourceDate "2015.03.05"]

1. e4 e6 2. d4 d5 3. Nc3 Bb4 4. e5 c5 5. a3 Bxc3+ 6. bxc3 Qc7 7. Qg4 Ne7 8.
Qxg7 Rg8 9. Qxh7 cxd4 10. Kd1 Qxc3 11. Rb1 d3 12. Bxd3 Qxe5 13. Nf3 Qh8 14.
Qxh8 Rxh8 15. Bb2 Rh5 16. g4 Rh3 17. Ng5 Rh4 18. h3 b6 19. Nf3 Rh6 20. Bg7 Rg6
21. Bxg6 Nxg6 22. h4 Bb7 23. h5 d4 24. hxg6 Bxf3+ 25. Kd2 Nd7 26. Rh8+ Ke7 27.
Bf8+ 1-0

[Event "Madrdid ch 2015 - Semifinal B"]
[Site "Madrid ESP"]
[Date "2015.03.07"]
[Round "3.8"]
[White "Lopez Ziegler, Carlos"]
[Black "Del Noval Nemeshazi, Nesztor"]
[Result "1/2-1/2"]
[WhiteElo "1970"]
[BlackElo "1770"]
[PlyCount "46"]
[EventDate "2015.03.05"]
[EventType "swiss"]
[EventRounds "9"]
[EventCountry "ESP"]
[Source "lmi"]
[SourceDate "2015.03.05"]

1. e4 c5 2. Nc3 d6 3. f4 Nc6 4. Bb5 Bd7 5. a4 Nf6 6. Nf3 a6 7. Bc4 e6 8. O-O
Be7 9. d3 Nb4 10. e5 Nfd5 11. Ne4 dxe5 12. fxe5 b5 13. c3 bxc4 14. dxc4 O-O 15.
cxb4 Nxb4 16. Nfg5 Bc6 17. Qe2 Qd4+ 18. Kh1 h6 19. Ra3 hxg5 20. Nxg5 Rad8 21.
Rh3 Bxg5 22. Bxg5 Nd3 23. Bxd8 Rxd8 1/2-1/2

[Event "Madrdid ch 2015 - Semifinal B"]
[Site "Madrid ESP"]
[Date "2015.03.07"]
[Round "3.9"]
[White "Vallejo Nuno, Jorge"]
[Black "De Dompablo Fantova, Juan"]
[Result "1-0"]
[WhiteElo "2035"]
[BlackElo "1722"]
[PlyCount "107"]
[EventDate "2015.03.05"]
[EventType "swiss"]
[EventRounds "9"]
[EventCountry "ESP"]
[Source "lmi"]
[SourceDate "2015.03.05"]

1. e4 c5 2. d4 cxd4 3. c3 Nc6 4. Nf3 g6 5. Bc4 e6 6. Nxd4 Nge7 7. Nb5 d5 8.
exd5 Nxd5 9. Bxd5 exd5 10. Bf4 Qe7+ 11. Kf1 Ne5 12. Qxd5 Bg7 13. Nd6+ Kf8 14.
Bxe5 Bxe5 15. Nxf7 Bxc3 16. Nxc3 Qxf7 17. Qxf7+ Kxf7 18. Rd1 Bf5 19. f3 Rad8
20. Kf2 Bc2 21. Rxd8 Rxd8 22. Ke3 Bf5 23. Rc1 a6 24. g4 Be6 25. Ne4 h6 26. Rc7+
Kf8 27. a3 Rd7 28. Rxd7 Bxd7 29. Kd4 Ke7 30. h4 Bc6 31. Ke5 b5 32. b4 Bd7 33.
Nf6 Bc6 34. f4 Kf7 35. Ne4 Bd7 36. Nd6+ Ke7 37. f5 gxf5 38. Nxf5+ Kf8 39. Nxh6
Kg7 40. Nf5+ Kg6 41. Ne3 Bc8 42. Nf5 Bb7 43. Nd6 Bf3 44. Kf4 Bg2 45. Ne4 Bf1
46. Nc5 Be2 47. Nxa6 Bd1 48. Nc5 Be2 49. a4 bxa4 50. Nxa4 Bf1 51. Nc3 Bc4 52.
b5 Kf6 53. b6 Ba6 54. Nb5 1-0

[Event "Madrdid ch 2015 - Semifinal B"]
[Site "Madrid ESP"]
[Date "2015.03.07"]
[Round "3.10"]
[White "Aguilera Lopez, Alejandro"]
[Black "Yeves Miquel, Enrique"]
[Result "1-0"]
[WhiteElo "1879"]
[BlackElo "1715"]
[PlyCount "27"]
[EventDate "2015.03.05"]
[EventType "swiss"]
[EventRounds "9"]
[EventCountry "ESP"]
[Source "lmi"]
[SourceDate "2015.03.05"]

1. d4 c5 2. e3 Nf6 3. Nf3 g6 4. c3 cxd4 5. exd4 Bg7 6. Bg5 O-O 7. Bd3 d6 8. O-O
Be6 9. Re1 Re8 10. Nbd2 h6 11. Bh4 g5 12. Bg3 Nh5 13. Nxg5 Nxg3 14. Nxe6 1-0

[Event "Madrdid ch 2015 - Semifinal B"]
[Site "Madrid ESP"]
[Date "2015.03.07"]
[Round "3.11"]
[White "Moreno Torrero, Javier"]
[Black "Fernandez Garcia, Ignacio"]
[Result "1-0"]
[WhiteElo "1987"]
[BlackElo "1873"]
[PlyCount "29"]
[EventDate "2015.03.05"]
[EventType "swiss"]
[EventRounds "9"]
[EventCountry "ESP"]
[Source "lmi"]
[SourceDate "2015.03.05"]

1. d4 Nf6 2. c4 d5 3. cxd5 Qxd5 4. Nc3 Qf5 5. Nf3 Nbd7 6. e3 c6 7. h3 e6 8. Bd3
Qa5 9. O-O Be7 10. a3 O-O 11. Bd2 Qh5 12. e4 h6 13. e5 Nh7 14. Bxh7+ Kxh7 15.
Ng5+ 1-0

[Event "Madrdid ch 2015 - Semifinal B"]
[Site "Madrid ESP"]
[Date "2015.03.13"]
[Round "4.1"]
[White "Martin Rodriguez, Emilio"]
[Black "Veganzones Rojo, David"]
[Result "0-1"]
[WhiteElo "2091"]
[BlackElo "2070"]
[PlyCount "96"]
[EventDate "2015.03.05"]
[EventType "swiss"]
[EventRounds "9"]
[EventCountry "ESP"]
[Source "lmi"]
[SourceDate "2015.03.05"]

1. d4 d5 2. c4 c6 3. Nf3 Nf6 4. cxd5 cxd5 5. Nc3 Nc6 6. Bf4 a6 7. e3 Bg4 8. h3
Bxf3 9. Qxf3 e6 10. Bd3 Bd6 11. Bg5 Be7 12. O-O O-O 13. g4 b5 14. a4 b4 15. Na2
e5 16. dxe5 Nxe5 17. Qe2 Nxd3 18. Qxd3 Ne4 19. Bxe7 Qxe7 20. Rad1 Rfd8 21. f3
Nc5 22. Qd4 a5 23. Nc1 Rac8 24. b3 Qh4 25. Kg2 Ne6 26. Qd2 d4 27. Nd3 dxe3 28.
Qxe3 Rc3 29. f4 Nc5 30. Qf2 Qxf2+ 31. Nxf2 Rxd1 32. Rxd1 g6 33. f5 Kg7 34. Rd5
Nxb3 35. Ne4 Rc2+ 36. Kg3 gxf5 37. gxf5 h6 38. f6+ Kg6 39. h4 Rc4 40. h5+ Kh7
41. Kf3 Nd4+ 42. Kf4 b3 43. Rd7 Ne6+ 44. Ke5 Rxe4+ 45. Kf5 Rf4+ 46. Ke5 Re4+
47. Kf5 Kg8 48. Rb7 Rb4 0-1

[Event "Madrdid ch 2015 - Semifinal B"]
[Site "Madrid ESP"]
[Date "2015.03.13"]
[Round "4.2"]
[White "Hinojar Diez, David"]
[Black "Rodrigo Yanguas, Maria"]
[Result "1-0"]
[WhiteElo "2164"]
[BlackElo "2184"]
[PlyCount "75"]
[EventDate "2015.03.05"]
[EventType "swiss"]
[EventRounds "9"]
[EventCountry "ESP"]
[Source "lmi"]
[SourceDate "2015.03.05"]

1. d4 e6 2. c4 b6 3. Nf3 Bb7 4. g3 Nf6 5. Bg2 c5 6. O-O cxd4 7. Nxd4 Bxg2 8.
Kxg2 Be7 9. Nc3 O-O 10. e4 d6 11. b3 a6 12. Bb2 Qc7 13. Qe2 Nbd7 14. Rad1 Qb7
15. f3 Rfc8 16. Rd2 Rc7 17. Rfd1 Rac8 18. Qe3 Rc5 19. Nde2 b5 20. cxb5 axb5 21.
a4 bxa4 22. Nxa4 R5c7 23. Ba3 Ne8 24. Nd4 Ndf6 25. Qe2 d5 26. Bxe7 Rxe7 27. e5
Nd7 28. f4 Nc5 29. Rc2 Ne4 30. Rdc1 Rec7 31. Rxc7 Rxc7 32. Rxc7 Nxc7 33. Qc2 h5
34. Nc5 Qb4 35. Nxe4 Qxd4 36. Ng5 Ne8 37. Qc8 Kf8 38. Qd7 1-0

[Event "Madrdid ch 2015 - Semifinal B"]
[Site "Madrid ESP"]
[Date "2015.03.13"]
[Round "4.3"]
[White "Martin Hernandez, Vicente"]
[Black "Perez De Aranda A., Leonardo I"]
[Result "1/2-1/2"]
[WhiteElo "1935"]
[BlackElo "2094"]
[PlyCount "74"]
[EventDate "2015.03.05"]
[EventType "swiss"]
[EventRounds "9"]
[EventCountry "ESP"]
[Source "lmi"]
[SourceDate "2015.03.05"]

1. d4 d5 2. c4 dxc4 3. Nc3 Nf6 4. Nf3 a6 5. a4 Nc6 6. d5 Na5 7. e4 e6 8. Bg5
Be7 9. Be2 O-O 10. O-O h6 11. Bxf6 Bxf6 12. e5 Be7 13. dxe6 Bxe6 14. Qc2 c5 15.
Rad1 Qc7 16. Nd5 Bxd5 17. Rxd5 Rad8 18. Bxc4 Nxc4 19. Qxc4 Rxd5 20. Qxd5 Rd8
21. Qc4 Qc6 22. b3 b5 23. axb5 axb5 24. Qc3 Qd5 25. h3 Qd3 26. Rc1 Qxc3 27.
Rxc3 Rd1+ 28. Kh2 Kf8 29. Kg3 Ke8 30. Kf4 Kd7 31. Ke4 Kc6 32. Rc2 Rb1 33. Rc3
Rb2 34. Nd4+ Kb6 35. Nf5 Re2+ 36. Re3 Rxe3+ 37. Nxe3 Kc6 1/2-1/2

[Event "Madrdid ch 2015 - Semifinal B"]
[Site "Madrid ESP"]
[Date "2015.03.13"]
[Round "4.4"]
[White "Ruiz Sanchez, Roberto"]
[Black "Vazquez Gonzalez, Jesus"]
[Result "1/2-1/2"]
[WhiteElo "1897"]
[BlackElo "2014"]
[PlyCount "83"]
[EventDate "2015.03.05"]
[EventType "swiss"]
[EventRounds "9"]
[EventCountry "ESP"]
[Source "lmi"]
[SourceDate "2015.03.05"]

1. e4 g6 2. d4 Bg7 3. Nf3 c5 4. c4 cxd4 5. Nxd4 Nc6 6. Be3 Qb6 7. Nb5 Qd8 8.
N1c3 a6 9. Nd4 d6 10. Be2 Nf6 11. O-O O-O 12. Qd2 Bd7 13. Rac1 Rc8 14. f3 Ne8
15. Rfd1 Nc7 16. Nb3 Be6 17. Nd5 Bxd5 18. cxd5 Ne5 19. a4 Qd7 20. a5 f5 21. Qb4
fxe4 22. fxe4 Nb5 23. h3 Nf7 24. Bxb5 axb5 25. Nd4 Bxd4 26. Bxd4 Ng5 27. Bc3
Rc4 28. Qa3 Rxe4 29. Bd2 Nf7 30. Rf1 Re5 31. Qd3 e6 32. dxe6 Qxe6 33. Rc7 Rd5
34. Qb3 Qe4 35. Bc3 Rf5 36. Rxf5 gxf5 37. Qxb5 Qe3+ 38. Kh1 Qc1+ 39. Kh2 Qf4+
40. Kg1 Qe3+ 41. Kf1 Qf4+ 42. Kg1 1/2-1/2

[Event "Madrdid ch 2015 - Semifinal B"]
[Site "Madrid ESP"]
[Date "2015.03.13"]
[Round "4.5"]
[White "Gonzalez Mateos, Rafael"]
[Black "Garcia Serrano, Jose M"]
[Result "0-1"]
[WhiteElo "1999"]
[BlackElo "1773"]
[PlyCount "48"]
[EventDate "2015.03.05"]
[EventType "swiss"]
[EventRounds "9"]
[EventCountry "ESP"]
[Source "lmi"]
[SourceDate "2015.03.05"]

1. d4 d5 2. c3 Nc6 3. Bf4 Bf5 4. Qb3 Rb8 5. Nd2 e6 6. e3 Bd6 7. Bg3 a6 8. Ngf3
Nf6 9. Be2 O-O 10. Nh4 Be4 11. f3 Bg6 12. Nxg6 fxg6 13. Bxd6 Qxd6 14. O-O-O b5
15. e4 Qf4 16. a3 a5 17. Qc2 b4 18. a4 bxc3 19. Qxc3 Nb4 20. Kb1 dxe4 21. fxe4
Nxe4 22. Nxe4 Qxe4+ 23. Bd3 Nxd3 24. Qxd3 Qxg2 0-1

[Event "Madrdid ch 2015 - Semifinal B"]
[Site "Madrid ESP"]
[Date "2015.03.13"]
[Round "4.7"]
[White "Del Noval Nemeshazi, Nesztor"]
[Black "Vallejo Nuno, Jorge"]
[Result "0-1"]
[WhiteElo "1770"]
[BlackElo "2035"]
[PlyCount "69"]
[EventDate "2015.03.05"]
[EventType "swiss"]
[EventRounds "9"]
[EventCountry "ESP"]
[Source "lmi"]
[SourceDate "2015.03.05"]

1. e4 e5 2. Nf3 f5 3. Nxe5 Qf6 4. d4 d6 5. Nc4 fxe4 6. Nc3 Qg6 7. f3 Be7 8.
Nxe4 d5 9. Ne5 Qb6 10. Ng3 c5 11. Bd3 Nf6 12. O-O O-O 13. Nf5 Bd8 14. dxc5
Qxc5+ 15. Be3 Qc7 16. f4 Nc6 17. Nxc6 bxc6 18. Bc5 Bxf5 19. Bxf5 Be7 20. Bxe7
Qxe7 21. Re1 Qc5+ 22. Kh1 g6 23. Bd3 Qd4 24. c3 Qxf4 25. Rf1 Qd6 26. h3 Nh5 27.
Rxf8+ Rxf8 28. Qg4 Rf4 29. Qc8+ Kg7 30. Qb7+ Rf7 31. Qa6 Qg3 32. Rf1 Nf4 33.
Rxf4 Rxf4 34. Qxa7+ Kh6 35. Qc7 0-1

[Event "Madrdid ch 2015 - Semifinal B"]
[Site "Madrid ESP"]
[Date "2015.03.13"]
[Round "4.8"]
[White "Moreno Torrero, Javier"]
[Black "Aguilera Lopez, Alejandro"]
[Result "1-0"]
[WhiteElo "1987"]
[BlackElo "1879"]
[PlyCount "93"]
[EventDate "2015.03.05"]
[EventType "swiss"]
[EventRounds "9"]
[EventCountry "ESP"]
[Source "lmi"]
[SourceDate "2015.03.05"]

1. d4 d5 2. c4 c6 3. Nc3 Nf6 4. e3 e6 5. Nf3 Bd6 6. Bd3 Nbd7 7. O-O O-O 8. Qc2
dxc4 9. Bxc4 b5 10. Bd3 Bb7 11. e4 e5 12. Bg5 exd4 13. Bxf6 Qxf6 14. Ne2 c5 15.
Bxb5 Ne5 16. Nxe5 Qxe5 17. Ng3 Qf4 18. Rfe1 a6 19. Bd3 Rfe8 20. Nf1 Rac8 21. g3
Qg4 22. Nd2 Re6 23. e5 Rxe5 24. Rxe5 Bxe5 25. Bf5 Qe2 26. Bxc8 Bxc8 27. Qe4
Qxe4 28. Nxe4 c4 29. f4 Bc7 30. Rc1 Be6 31. Nd2 c3 32. bxc3 Ba5 33. Ne4 dxc3
34. Nxc3 g6 35. a3 Bb6+ 36. Kg2 Bc5 37. a4 Bb4 38. Kf3 Kg7 39. Ke4 Bb3 40. Nd5
Bd2 41. Ra1 f5+ 42. Ke5 h5 43. Rb1 Bxa4 44. Rb7+ Kh6 45. Ne7 h4 46. Ng8+ Kh5
47. Nf6+ 1-0

[Event "Madrdid ch 2015 - Semifinal B"]
[Site "Madrid ESP"]
[Date "2015.03.13"]
[Round "4.9"]
[White "Morona Minguez, Miguel"]
[Black "Vukotic Jovsic, Dragan"]
[Result "1-0"]
[WhiteElo "1818"]
[BlackElo "1986"]
[PlyCount "103"]
[EventDate "2015.03.05"]
[EventType "swiss"]
[EventRounds "9"]
[EventCountry "ESP"]
[Source "lmi"]
[SourceDate "2015.03.05"]

1. e4 c5 2. Nf3 d6 3. d4 cxd4 4. Nxd4 Nf6 5. Nc3 g6 6. Be3 Bg7 7. f3 O-O 8. Qd2
Nc6 9. O-O-O Bd7 10. h4 Rb8 11. g4 Bxg4 12. fxg4 Nxg4 13. Nxc6 bxc6 14. Be2
Nxe3 15. Qxe3 Qa5 16. Bc4 Rb4 17. Bb3 c5 18. Nd5 Rb7 19. c4 Rfb8 20. Kc2 Qd8
21. Rh3 a5 22. Nc3 Rb4 23. Nd5 a4 24. Nxb4 Rxb4 25. Qxc5 Rb8 26. Qc6 axb3+ 27.
Rxb3 Ra8 28. a3 Rc8 29. Qd5 e6 30. Qxd6 Qxh4 31. Qd3 Qf2+ 32. Rd2 Qc5 33. Rb4
h5 34. Qd6 Qe3 35. Qd3 Qe1 36. Re2 Qf1 37. Rd2 Qf4 38. Re2 Bf6 39. Qe3 Qg4 40.
Rf2 Rd8 41. Rxf6 Qd1+ 42. Kc3 Kg7 43. Rf2 Rd7 44. Rb5 h4 45. c5 h3 46. c6 Rd6
47. Ra5 e5 48. c7 Rb6 49. b4 Qa1+ 50. Kc4 h2 51. Rxh2 Qf1+ 52. Re2 1-0

[Event "Madrdid ch 2015 - Semifinal B"]
[Site "Madrid ESP"]
[Date "2015.03.13"]
[Round "4.10"]
[White "Fernandez Rodriguez, Fernando"]
[Black "Rosa Ramirez, Victor D"]
[Result "1/2-1/2"]
[WhiteElo "1746"]
[BlackElo "1978"]
[PlyCount "54"]
[EventDate "2015.03.05"]
[EventType "swiss"]
[EventRounds "9"]
[EventCountry "ESP"]
[Source "lmi"]
[SourceDate "2015.03.05"]

1. d4 d5 2. c4 e6 3. Nc3 c6 4. e3 Nf6 5. Nf3 Nbd7 6. b3 Bb4 7. Bd2 Bxc3 8. Bxc3
Ne4 9. Bb2 O-O 10. Nd2 f5 11. g3 Ndf6 12. f3 Nd6 13. Bd3 Bd7 14. O-O Be8 15. c5
Nf7 16. e4 dxe4 17. fxe4 Ng4 18. Qe2 Ng5 19. exf5 Bh5 20. Bc4 Nf6 21. Qg2 Bg4
22. fxe6 Kh8 23. Rfe1 Qe7 24. Re5 Nh3+ 25. Kh1 Ne4 26. Rxe4 Nf2+ 27. Kg1 Nh3+
1/2-1/2

[Event "Madrdid ch 2015 - Semifinal B"]
[Site "Madrid ESP"]
[Date "2015.03.13"]
[Round "4.11"]
[White "Estevez Sacristan, Deva"]
[Black "Marcos Herrero, Francisco"]
[Result "0-1"]
[WhiteElo "1648"]
[BlackElo "1921"]
[PlyCount "106"]
[EventDate "2015.03.05"]
[EventType "swiss"]
[EventRounds "9"]
[EventCountry "ESP"]
[Source "lmi"]
[SourceDate "2015.03.05"]

1. e4 c5 2. Nf3 d6 3. d4 Nf6 4. Nc3 cxd4 5. Nxd4 g6 6. Be2 Bg7 7. O-O O-O 8.
Bg5 Nc6 9. Nb3 Be6 10. Kh1 Rc8 11. f4 a6 12. Qe1 h6 13. Bh4 b5 14. a3 Bxb3 15.
cxb3 Nd4 16. Bd1 Qd7 17. e5 dxe5 18. fxe5 Nd5 19. Nxd5 Qxd5 20. Bxe7 Rfe8 21.
Bf6 Bxf6 22. Rxf6 Qxe5 23. Qxe5 Rxe5 24. Bg4 Rc6 25. Rxc6 Nxc6 26. h3 f5 27.
Bf3 Nd4 28. Rc1 Nxf3 29. gxf3 Kf7 30. Rc7+ Kf6 31. Rc6+ Re6 32. Rc1 Kg5 33. a4
Kf4 34. axb5 axb5 35. Rc5 Kg3 36. Rc1 Kxh3 37. Kg1 Kg3 38. Rf1 f4 39. Kh1 Re2
40. Kg1 Rxb2 41. Kh1 Rxb3 42. Kg1 b4 43. Kh1 Rb2 44. Rg1+ Kh3 45. Rf1 b3 46.
Kg1 Rg2+ 47. Kh1 b2 48. Rb1 Rc2 49. Kg1 Rc1+ 50. Rxc1 bxc1=Q+ 51. Kf2 Qd2+ 52.
Kg1 Kg3 53. Kf1 Qd1# 0-1